| 000 | 01040nam a2200325 i 4500 | ||
|---|---|---|---|
| 003 | EG-GICUC | ||
| 005 | 20260121101526.0 | ||
| 008 | 251220s1988 us c|||fr|||| 001 0 eng d | ||
| 020 | _a5010005301 | ||
| 040 |
_aEG-GiCUC _beng _cEG-GiCUC _dEG-GiCUC _eRda |
||
| 041 | _aeng | ||
| 082 | 0 | 4 |
_221 _a341.23 _bSO . F |
| 092 | 0 | 4 | _221 |
| 099 | _aLaw1 11 341.23 SO . F 1988 | ||
| 100 | 1 |
_aSogrin, Vladimir, _eAuthor. |
|
| 245 | 1 | 0 |
_aFounding fathers of the United States : _bhistorical portraits / _cVladimir Sogrin. |
| 264 | 1 |
_aMoscow : _bProgress Publishers, _c1988. |
|
| 300 |
_a324 pages : _bPortrets ; _c24 cm . |
||
| 336 |
_2rda contenu _a texte |
||
| 337 |
_2rda medias _aOrdinateur |
||
| 338 |
_2 transporteur rda _a Ressource en ligne |
||
| 490 | 0 | _aMan through the ages | |
| 504 | _aInclude Notes | ||
| 546 | _aText in English | ||
| 650 | 1 | 4 |
_athe United States _xPublic international law _2qrmak |
| 651 | 1 | _2qrmak | |
| 856 | 4 | 0 | _uhttps://fll.law.cu.edu.eg/fulltext/bks/B11-06024.pdf |
| 905 | _a75 | ||
| 942 |
_2ddc _n0 _cBK _e21 |
||
| 999 |
_c51827 _d51827 |
||